Merlin Olsen Filmography - Statistics

General Stats
  • This quiz has been taken 5 times
    3 since last reset
  • The average score is 2 of 26
Answer Stats
Type Year Name % Correct
TV Show 1977-1981 Little House on the Prairie
67%
TV Show 1988 Aaron's Way
33%
TV Film 1978 A Fire in the Sky
33%
TV Show 1981-1983 Father Murphy
33%
TV Special 1988 Celebrate the Miracles
0%
TV Documentary 1983 Champions of American Sport
0%
TV Special 1990 Children's Miracle Network Telethon
0%
TV Show 1980 CHiPs
0%
TV Film 1988 Circle of Love
0%
TV Show 1974 Dr. Simon Locke
0%
TV Show 1986 Fathers and Sons
0%
TV Show 1990 Hee Haw
0%
TV Show 1973 Kung Fu
0%
Film 1975 Mitchell
0%
Film 1971 One More Train to Rob
0%
TV Show 1970 Petticoat Junction
0%
TV Show 1974 Police Surgeon
0%
Film 1971 Something Big
0%
Documentary Series 1984 The American Frontier
0%
TV Show 1961 The Bob Hope Show
0%
TV Show 1972 The Brian Keith Show
0%
TV Film 1980 The Golden Moment: An Olympic Love Story
0%
TV Film 1982 The Juggler of Notre Dame
0%
Film 1969 The Undefeated
0%
TV Film 1984 Time Bomb
0%
TV Show 1981 Walking Tall
0%
No matching quizzes found
Score Distribution
Percent of People with Each Score
Percentile by Number Answered
Your Score History
You have not taken this quiz since the last reset